Statistics for Who Did... The 50 Best Selling Albums of the '70s?

Click here to take the quiz!

General Stats

  • This quiz has been taken 2,171 times
    (1,467 since last reset)
  • The average score is 17 of 50

Answer Stats

HintAnswer% Correct
The EaglesHotel California
86%
Fleetwood MacRumours
86%
Pink FloydDark Side of the Moon
85%
Pink FloydThe Wall
81%
MeatloafBat Out of Hell
66%
Movie Soundtrack from 1977Saturday Night Fever
64%
Simon & GarfunkelBridge Over Troubled Water
59%
BostonBoston
55%
Led ZeppelinHouses of the Holy
55%
Carole KingTapestry
54%
Led ZeppelinLed Zeppelin IV
53%
Elton JohnGoodbye Yellow Brick Road
52%
Movies Sountrack from 1978Grease
49%
Bruce SpringsteenBorn to Run
48%
Michael JacksonOff the Wall
46%
Van HalenVan Halen
46%
Led ZeppelinLed Zeppelin III
45%
Pink FloydWish You Were Here
45%
Led ZeppelinPhysical Graffiti
43%
SupertrampBreakfast in America
42%
Stevie WonderSongs in the Key of Life
39%
Peter FramptonFrampton Comes Alive
36%
AC/DCHighway to Hell
36%
Bad CompanyBad Company
35%
AerosmithToys in the Attic
34%
Billy JoelThe Stranger
33%
The CarsThe Cars
32%
ForeignerForeigner
30%
Fleetwood MacFleetwood Mac
27%
Led ZeppelinIn Through the Out Door
27%
George HarrisonAll Things Must Pass
25%
Billy Joel52nd Street
22%
Crosby, Stills, Nash & YoungDeja Vu
21%
The Rolling StonesSome Girls
21%
AC/DCDirty Deeds Done Dirt Cheap
18%
Bob Seger & the Silver Bullet BandNight Moves
17%
Kenny RogersThe Gambler
17%
SantanaAbraxas
16%
Jackson BrowneRunning on Empty
15%
The CarsCandy-O
13%
BostonDon't Look Back
12%
The EaglesThe Long Run
12%
ForeignerDouble Vision
8%
ForeignerHead Games
7%
Boz ScaggsSilk Degrees
7%
Bob Seger & the Silver Bullet BandLive Bullet
5%
Wiilie NelsonStardust
5%
Bob Seger & the Silver Bullet BandStranger in Town
5%
Crosby, Stills, Nash & YoungSo Far
3%
Elvis PresleyAloha from Hawaii
2%

Score Distribution

Percentile by Number Answered

Percent of People with Each Score

Your Score History

You have not taken this quiz since the last reset